Statistics for Mappa del Mondo senza 12 Paesi

Click here to take the quiz!

General Stats

  • This quiz has been taken 111 times
  • The average score is 10 of 12

Answer Stats

nazione % Correct
Turchia
96%
Norvegia
93%
Giappone
90%
Nuova Zelanda
89%
Danimarca
89%
Cile
88%
Corea del Sud
87%
Madagascar
83%
Sri Lanka
80%
Bangladesh
74%
Somalia
68%
Cipro
56%

Score Distribution

Percentile by Number Answered

Percent of People with Each Score

Your Score History

You have not taken this quiz